000 01408nam a2200241 4500
001 113973
003 DR-UNIBE
005 20250729134832.0
008 250729b1971 sp ||||| |||| 00| 0 spa d
040 _aBIBLIOTECA UNIBE
_cBIBLIOTECA UNIBE
_bspa
_erda
041 _aspa
082 _222
_a346.07 G241
100 _aGarrigues Díaz-Cañabate, Joaquín,
_d1899-1983
_9197947
_eautor
245 _aHacia un nuevo Derecho Mercantil :
_bescritos, lecciones y conferencias /
_cJoaquín Garrigues
260 _aMadrid :
_bTecnos,
_c1971
300 _a352 páginas :
_c21 x 13 cm
490 _aBiblioteca Tecnos de estudios jurídicos
500 _aComentario de la obra en la solapa
505 _aPreliminar | Nuevos hechos, nuevo derecho de la sociedad anónima | Intermedio epistolar y discurso en el homenaje de la universidad de Madrid a Ortega y Gasset | Problemas actuales de la sociedad anónima | La crisis del derecho mercantil contemporáneo | Discurso de contestación al ser concedido al profesor Garrigues el título de Doctor Honoris Causa por la Universidad de Genova, 10 enero 1966 | Reto sin respuesta | La empresa desde el punto de vista jurídico | Acotaciones de un jurista sobre reforma de la empresa | Última lección como catedrático pronunciada el día 6 de mayo de 1970
650 _2lemb
_aSociedades anónimas
650 _2lemb
_aDerecho mercantil
942 _2ddc
_cBK
999 _c113973
_d113973